00575nam a2200205 a 4500001001300000003000900013005001700022008004100039020002600080082001600106100002200122245005500144260003300199300000900232500003500241505001700276650002500293650002900318700002200347nice12345678IN_TiNIC20260116013201.0050524s1992 newa grp 000 0 eng  a0883448 c747.7400a230.01bBEV aBevans, Stephen B aModels of Contextual Theologyb Faith and Cultures aNew YorkbOrbis Books c1992 a146p aincludes index and biblioraphy2 aNotes, Index aTheology-Methodology aChristianity And Culture1 aBevans, Stephen B